[Event "MVP-ch Seniors op 14th"]
[Site "Binz"]
[Date "2014.11.26"]
[Round "2"]
[White "Kurbangulov, Viktor"]
[Black "Fleischer, Matthias"]
[Result "0-1"]
[WhiteElo "1869"]
[BlackElo "1729"]
[PlyCount "62"]
[EventDate "2014.11.25"]
[EventType "swiss"]
[EventRounds "9"]
[EventCountry "GER"]
[SourceTitle "EXT 2016"]
[Source "ChessBase"]
[SourceDate "2015.10.08"]
[SourceVersion "1"]
[SourceVersionDate "2015.10.08"]
[SourceQuality "1"]

1. d4 Nf6 2. Nf3 e6 3. Bf4 d5 4. e3 Nh5 5. Bg3 Nxg3 6. hxg3 Nd7 7. Nbd2 c6 8. c3 b5 9. Bd3 h6 10. Qc2 Bb7 11. g4 Be7 12. Rh5 Nf6 13. Ne5 Nxh5 14. Bg6 0-0 15. Bxh5 c5 16. Ndf3 b4 17. Ke2 Ba6+ 18. Kd2 cxd4 19. Nxd4 Bf6 20. Nec6 bxc3+ 21. bxc3 Qc7 22. f4 Bb7 23. Ne5 Bxe5 24. fxe5 Qxe5 25. Rh1 Rac8 26. Nf3 Qg3 27. Kd1 Rxc3 28. Qxc3 Qxg2 29. Rh2 Qxf3+ 30. Ke1 Qg3+ 31. Rf2 Ba6 0-1